Reyes de España (Historia de España) - Estadísticas

Estadísticas generales
  • Esta prueba ha sido intentada 881 veces
  • La puntuación promedio es 19 de 22
Estadísticas de respuestas
Imagen Respuesta % Correcto
Felipe VI
99%
Isabel I
96%
Juan Carlos I
96%
Carlos II
91%
Fernando VII
91%
Isabel II
91%
Carlos I
90%
Felipe II
90%
Carlos IV
87%
Carlos III
86%
Felipe IV
85%
Fernando II
85%
Juana I
85%
Alfonso XIII
84%
Felipe III
84%
Felipe V
83%
Alfonso XII
81%
Felipe I
81%
José I
74%
Amadeo I
73%
Fernando VI
70%
Luis I
59%
No se encontraron pruebas coincidentes
Distribución de puntuación
Porcentaje de gente con cada puntuación
Porcentaje por número respondido
Historial de tus puntuaciones
No has intentado esta prueba.